000 00262nam a2200109Ia 4500
005 20251222141810.0
008 251222s9999||||xx |||||||||||||| ||spa||
082 _a371.7/G23
100 _aGarcía Escudero, Felipe Ignacio
245 0 _aAlta dirección
942 _cLIB
999 _c6432
_d6432